| 000 | 00433pab a2200169 454500 | ||
|---|---|---|---|
| 008 | 180718b2010 xxu||||| |||| 00| 0 eng d | ||
| 100 | _aPanwar, Manju | ||
| 245 | _aRole of SHGS in strengthening grassroots democracy - Experiences of Haryana | ||
| 260 | _c2010 | ||
| 300 | _ap.52-54. | ||
| 362 | _aOct | ||
| 650 | _aSelf help - India - Haryana | ||
| 650 | _aSelf help | ||
| 773 | _aKurukshetra | ||
| 908 | _aN | ||
| 909 | _a88003 | ||
| 999 |
_c88003 _d88003 |
||